MARC

LEADER 00000nam0a2200000 4500
001 10913
005 20231101204738.0
010 |a 5282019493 
035 |a (RuTPU)RU\TPU\book\10981 
035 |a BOOK00011047 
090 |a 10913 
100 |a 20011209d1999 km y0rusy50 ca 
101 0 |a rus 
102 |a RU 
105 |a y eg 000zy 
200 1 |a Социальное партнерство  |e Словарь-справочник  |f П. Г. Бойдаченко [и др.] 
210 |a Москва  |c Экономика  |d 1999 
215 |a 236 с. 
606 1 |a Социология  |2 stltpush  |3 (RuTPU)RU\TPU\subj\67656  |9 83377 
610 1 |a партнерство 
610 1 |a социальное партнерство 
610 1 |a словари 
686 |a С5я2  |v LBC/SL-A  |2 rubbk 
701 1 |a Бойдаченко  |b П. Г.  |g Павел Григорьевич 
701 1 |a Владимиров  |b Б. П.  |g Борис Петрович 
701 1 |a Гайнуллина  |b Ф. И.  |g Фарида Исмадиловна 
701 1 |a Гриценко  |b Н. Н. 
801 0 |a RU  |b 63413507  |c 20011209  |g PSBO 
801 2 |a RU  |b 63413507  |c 20140423  |g PSBO 
942 |c BK